Abbot Samson: Chapters from Past and Present (Record no. 13164)

MARC details
000 -LEADER
fixed length control field 00418nam a2200133Ia 4500
008 - FIXED-LENGTH DATA ELEMENTS--GENERAL INFORMATION
fixed length control field 211109s9999||||xx |||||||||||||| ||und||
082 ## - DEWEY DECIMAL CLASSIFICATION NUMBER
Classification number 823
Item number CAR-A
100 ## - MAIN ENTRY--PERSONAL NAME
Personal name Carlyle, Thomas
245 #0 - TITLE STATEMENT
Title Abbot Samson: Chapters from Past and Present
260 ## - PUBLICATION, DISTRIBUTION, ETC.
Name of publisher, distributor, etc. Macmillan and Co., Limited
Place of publication, distribution, etc. Kingston
Date of publication, distribution, etc. 1939
630 ## - SUBJECT ADDED ENTRY--UNIFORM TITLE
General subdivision General Stack
650 ## - SUBJECT ADDED ENTRY--TOPICAL TERM
Topical term or geographic name entry element LITERATURE
942 ## - ADDED ENTRY ELEMENTS (KOHA)
Koha item type BOOK
650 ## - SUBJECT ADDED ENTRY--TOPICAL TERM
Form subdivision ENGLISH LITERATUREENGLISH FICTIONFICTION
General subdivision Generalia
Holdings
Withdrawn status Lost status Damaged status Not for loan Home library Current library Date acquired Cost, normal purchase price Total Checkouts Full call number Barcode Shelving location Date last seen Price effective from Koha item type
        SB LIBRARY SB LIBRARY 09/11/2021 100.00   823 CAR-A 00013749 GENERAL STACK 09/11/2021 09/11/2021 BOOK

Powered by Koha